|
|
|
|
| LEADER |
01010cam a2200217 7i4500 |
| 001 |
0000050390 |
| 005 |
20160302090000.0 |
| 020 |
|
|
|a 9789834134532
|
| 090 |
0 |
0 |
|a Q180.55
|b .M94 2012
|
| 110 |
1 |
|
|a Malaysia
|
| 245 |
1 |
0 |
|a Towards an innovative nation :
|b a compendium of MOSTI funded projects under the 9th Malaysia plan
|c Ministry of Science, Technology and Innovation.
|
| 260 |
|
|
|a Putrajaya:
|b Ministry of Science, Technology and Innovation (MOSTI),
|c 2012.
|
| 300 |
|
|
|a 3 v..
|
| 505 |
0 |
|
|a v. 1. ICT -- v. 2. Industry -- v. 3. Biotechnology, Sea to Space, S & T
|
| 650 |
0 |
0 |
|a Research --
|x Technological innovations --
|z Malaysia
|
| 650 |
0 |
0 |
|a Science --
|x Research --
|z Malaysia
|
| 650 |
0 |
0 |
|a Technology --
|x Research --
|z Malaysia
|
| 650 |
0 |
0 |
|a Technological innovations --
|z Malaysia
|
| 999 |
|
|
|a 0000058892
|b BOK
|c GOVERNMENT PUBLICATION
|e 2nd Floor, Shah Alam
|
| 999 |
|
|
|a 0000058920
|b BOK
|c GOVERNMENT PUBLICATION
|e 2nd Floor, Shah Alam
|
| 999 |
|
|
|a 0000058922
|b BOK
|c GOVERNMENT PUBLICATION
|e 2nd Floor, Shah Alam
|